Istambul : (Registro nro. 7884)

Detalles MARC
000 -CABECERA
Campo de control 00515nmm a22001817a 4500
005 - FECHA Y HORA DE LA ULTIMA TRANSACCION
Campo de control 20131122171419.0
008 - ELEMENTOS DE LONGITUD FIJA—INFORMACION GENERAL
Campo de control 131122b2012 tu ||||| |||| 00| 0 eng d
041 ## - IDIOMA
Código de idioma para texto/pista de sonido o título separado Inglés
044 ## - PAÍS DE PUBLICACIÓN
País de publicación Colombia
090 ## - CLASIFICACIÓN LOCAL
Colección LB
Consecutivo 05758
110 ## - ASIENTO PRINCIPAL--NOMBRE CORPORATIVO
Nombre corporativo o de jurisdicción como elemento de entrada Turkish Assosiation for conservation of Nature
245 ## - MENCION DE TITULO
Título Istambul :
Parte restante del título Candidate city for world conservation congress 2016
260 ## - PUBLICACION, DISTRIBUCION, ETC. (PIE DE IMPRENTA)
Lugar de publicación, distribución, etc. 2012
Nombre del editor, distribuidor, etc. National Committee of Turkey
Fecha de publicación, distribución, etc. s.f.
300 ## - DESCRIPCION FISICA
Extensión 22 p.
500 ## - NOTA GENERAL
Nota general Presentación en PDF
546 ## - NOTA DE IDIOMA
Nota de idioma Ingles
942 ## - ELEMENTOS ADICIONALES (KOHA)
Sistema de clasificación Local
Tipo de ítem CD-ROM
Existencias
Withdrawn status Lost status Sistema de Clasificación Damaged status No para préstamo Colección Ubicación Permanente Ubicación actual Fecha de adquisición Total Checkouts Número topográfico Inventario / Código de Barras Date last seen Ejemplar Price effective from Forma de adquisición Tipo de material
    Local     Audiovisual Bogotá Bogotá 22/11/2013   LB-05758 058778 22/11/2013 Ej. 1 22/11/2013   CD-ROM
    Local     Audiovisual Bogotá Bogotá 22/11/2013   LB-05758 058827 22/11/2013 Ej. 2 22/11/2013   CD-ROM